000 00950ntm a22002657a 4500
999 _c1046
_d1046
008 191121s2019 ii abd|grm|||a00| 0 eng d
040 _aKO
_beng
041 0 _aeng
044 _aii
082 0 4 _223
_a378.242
_bPRM1738
100 1 _aMathew, Davind
_eResearcher
245 1 0 _aUtilisation of Waterways in Alappuzha for the Purpose of Inland Navigation and Coastal Shipping :
_bProject Report /
_cDavind Mathew ; Guide Dr. Yogamala H. L.
260 _aKochi :
_bIndian Maritime University,
_c2019
300 _a43 p. :
_bill., charts, maps ;
_c29 cm.
490 0 _aMBA Project 2017-19 ;
_v1705304008
502 _aProject (MBA)–Indian Maritime University. School of Maritime Management, 2019.
650 0 _aInland navigation
_zIndia
650 0 _aCoastwise shipping
_zIndia
655 7 _2lcsh
_aDissertations, Academic
_y2019
700 1 _aH. L., Yogamala,
_cDr.
_eGuide
904 _aRUDRA_R
905 _aR_RANJAN
942 _cTH